00350pab a2200133 454500008004000000100001600040245006200056260000900118300001400127362000800141650001700149650002400166773002600190180718b2005 xxu||||| |||| 00| 0 eng d aNawal, A.B. aGlimpses of change made in foreign trade policy 2004-2009 c2005 ap.383-86. aMay aTrade policy aInternational trade aManagement Accountant